Central Library OPAC University of Rajshahi

Medical microbiology & immunology : (Record no. 36945)

MARC details
000 -LEADER
fixed length control field 01056nam a2200301 a 4500
001 - CONTROL NUMBER
control field 36945
003 - CONTROL NUMBER IDENTIFIER
rucl marc code BD-RjUL
005 - DATE AND TIME OF LATEST TRANSACTION
control field 20211209052548.0
008 - FIXED-LENGTH DATA ELEMENTS--GENERAL INFORMATION
fixed length control field 140924s2002 nyua f b 000 0 eng d
020 ## - INTERNATIONAL STANDARD BOOK NUMBER
International Standard Book Number 0071382178
035 ## - SYSTEM CONTROL NUMBER
System control number (BD-RjUL)37047
040 ## - CATALOGING SOURCE
Original cataloging agency WQM
Transcribing agency WQM
Modifying agency NNC-M
-- OrLoB-B
-- BD-RjUL
Language of cataloging eng
041 ## - LANGUAGE CODE
Language code of text/sound track or separate title eng
082 ## - DEWEY DECIMAL CLASSIFICATION NUMBER
Classification number 616.01
Author mark and year LEM 2002
100 1# - MAIN ENTRY--PERSONAL NAME
Personal name Levinson, Warren.
9 (RLIN) 112861
245 10 - TITLE STATEMENT
Title Medical microbiology & immunology :
Remainder of title examination & board review /
Statement of responsibility, etc. Warren Levinson, Ernest Jawetz.
246 33 - VARYING FORM OF TITLE
Title proper/short title Medical microbiology and immunology : examination and board review
250 ## - EDITION STATEMENT
Edition statement 7th ed.
260 ## - PUBLICATION, DISTRIBUTION, ETC. (IMPRINT)
Place of publication, distribution, etc. New York :
Name of publisher, distributor, etc. Lange Medical Books,
Date of publication, distribution, etc. c2002.
300 ## - PHYSICAL DESCRIPTION
Pagination ix, 614 p. :
Illustrations ill. ;
Size 24 cm.
500 ## - GENERAL NOTE
General note Previous ed.: Stamford, Conn.: Appleton & Lange, 2000.
650 #0 - SUBJECT ADDED ENTRY--TOPICAL TERM
Topical term or geographic name as entry element Medical microbiology.
9 (RLIN) 112862
Topical term or geographic name as entry element Immunology.
9 (RLIN) 112863
Topical term or geographic name as entry element Microbiology
Form subdivision Examination Questions
9 (RLIN) 112864
Topical term or geographic name as entry element Allergy and Immunology
Form subdivision Examination Questions
9 (RLIN) 112865
700 1# - ADDED ENTRY--PERSONAL NAME
Personal name Jawetz, Ernest.
942 ## - ADDED ENTRY ELEMENTS (KOHA)
Source of classification or shelving scheme Dewey Decimal Classification
Koha item type Books
Holdings
Lost status Source of classification or shelving scheme Damaged status Not for loan Permanent Location Current Location Shelving location Date acquired Source of acquisition Cost, normal purchase price Total Checkouts Full call number Date last seen Copy number Koha item type
  Dewey Decimal Classification   Not For Loan Institute of Biological Sciences (IBSc) Library Institute of Biological Sciences (IBSc) Library   24/09/2014 Karim International 765.00   616.01 LEM 2002 24/09/2014 C-1 Books